STN 74 6406: 2005 [neplatná], Zárubne z dreva. Požiadavky a skúšobné metódy

Bibliographic Details
Main Author: Remiar, Ján (Author)
Corporate Author: LIGNOTESTING (Bratislava, Slovensko) (Author)
Format: Book
Language:Slovak
PhysicalDescription:18 s. obr., tab. 30 cm
Published: Bratislava Slovenský ústav technickej normalizácie 2005
Subjects:

MARC

LEADER 00000cam a2200000 a 4500
001 vtls009880646
003 SK-MaSNL
005 20260512081656.0
008 090726s2005 xo a fru 000 0 slo
020 |c (cen. skup. 11) 
035 |a (SVKBBclas03)vtls000222347 
040 |a SNK  |b slo  |c SNK  |e AACR2 
041 0 |a slo 
044 |a xo  |c SK 
046 |a m  |m 20050701 (účin.)  |n 20220201 (zruš.) 
072 7 |a 674  |x Drevo. Drevársky priemysel  |2 konspekt 
072 7 |a 692  |x Konštrukčné prvky a časti stavieb  |2 konspekt 
080 |a 692.81  |2 2001 
080 |a 692  |2 2001 
080 |a 006.86  |2 2001 
080 |a (437.6)  |2 2001 
080 |a (083.742)  |2 2001 
080 |a 674.5  |2 2001 
084 |a 91.060.50  |2 ICS 
245 0 0 |a STN 74 6406: 2005 [neplatná], Zárubne z dreva. Požiadavky a skúšobné metódy 
246 1 0 |a Zárubne z dreva 
246 1 0 |a Požiadavky a skúšobné metódy 
260 |a Bratislava  |b Slovenský ústav technickej normalizácie  |c 2005 
300 |a 18 s.  |b obr., tab.  |c 30 cm 
500 |a Spracovateľ: LIGNOTESTING Bratislava, Ján Remiar 
500 |a Norma je nahradená normou STN 74 6200 z februára 2022 v celom rozsahu 
500 |a Článok 6 z tejto normy dopĺňa norma STN EN 14220 z mája 2007 
504 |a Citované a súvisiace normy a právne predpisy: s. 2-3 
540 |a STN vydané na akomkoľvek nosiči sa môžu rozmnožovať a rozširovať iba so súhlasom určenej právnickej osoby  |b SÚTN Bratislava  |c zákon 264/1999 Z.z. 
650 0 7 |a dvere  |2 SNKPH  |9 24258 
650 0 7 |a časti stavieb  |2 SNKPH  |9 87407 
650 0 7 |a drevené výrobky  |2 SNKPH  |9 69020 
650 0 7 |a technické normy a štandardy  |z Slovensko  |2 SNKPH  |9 79594 
650 0 7 |a Doors  |2 SNKPHeng  |9 305702 
650 0 7 |a Building parts  |2 SNKPHeng  |9 314727 
650 0 7 |a Wood products  |2 SNKPHeng  |9 289155 
655 7 |a normy  |2 SNKPH  |9 70643 
700 1 |a Remiar, Ján  |4 aut  |9 322644 
710 2 |a LIGNOTESTING (Bratislava, Slovensko)  |4 aut  |9 33548 
710 |a Slovenský ústav technickej normalizácie (Bratislava, Slovensko).  |b Technická komisia č. 96 Otvorové výplne a ľahké obvodové plášte  |4 stn  |9 314508 
774 1 8 |t STN 74 6406/Z1: 2007  |d Bratislava : Slovenský ústav technickej normalizácie, 2007  |w vtls009866691 
774 1 8 |t STN EN 14220: 2007  |d Bratislava : Slovenský ústav technickej normalizácie, 2007  |w vtls 8992358 
774 1 8 |t STN 74 6200: 2022  |d Bratislava : Úrad pre normalizáciu metrológiu a skúšobníctvo Slovenskej republiky, 2022  |w vtsl012124462 
958 |a NB 
999 |c 573349  |d 575279 
952 |a SNK  |b SNK  |y PREZ  |7 0  |p 17A0468114  |o snkSTN 74 6406  |i snk2005/18300  |8 0  |0 0  |1 0  |4 0  |d 2005-11-02  |l 0  |r 2026-02-23 14:23:39  |w 2026-02-23 
952 |a SNK  |b SNK  |y PREZ  |7 0  |p 17A0468115  |o snkSTN 74 6406 D1  |i snk2005/18301  |8 0  |0 0  |1 0  |4 0  |d 2005-11-02  |l 0  |r 2026-02-23 14:23:39  |w 2026-02-23